|
|
|
|
| LEADER |
00000naa2a2200000 4500 |
| 001 |
603130 |
| 005 |
20260226114929.0 |
| 035 |
|
|
|a (RuTPU)RU\TPU\conf\269
|
| 035 |
|
|
|a RU\TPU\conf\222
|
| 090 |
|
|
|a 603130
|
| 100 |
|
|
|a 20131212d2013 k y0rusy50 ca
|
| 101 |
0 |
|
|a rus
|
| 102 |
|
|
|a RU
|
| 135 |
|
|
|a drcn ---uucaa
|
| 181 |
|
0 |
|a i
|
| 182 |
|
0 |
|a b
|
| 200 |
1 |
|
|a Математическое моделирование теплового аккумулятора с фазовым переходом
|f То Тхи Уиэн, А. С. Огородников
|
| 203 |
|
|
|a Текст
|c электронный
|
| 225 |
1 |
|
|a Математическое моделирование и технологии высокопроизводительных вычислени
|
| 300 |
|
|
|a Заглавие с титульного листа.
|
| 320 |
|
|
|a [Библиогр.: с. 137 (2 назв.)]
|
| 330 |
|
|
|a One way of thermal energy storage is through the use of latent heat energy storage systems. One such system, composed of a cylindrical container filled with paraffin wax, through which a copper pipe carrying hot water is inserted. It is shown that the physical processes encountered in the flow of water, the heat transfer by conduction and convection, and the phase change behavior of the phase change material can be modeled numerically using COMSOL Multiphysics. The effects if adding fins to the system is also studied, as well as the effects of the water inlet velocit.
|
| 337 |
|
|
|a Adobe Reader
|
| 463 |
|
1 |
|0 (RuTPU)RU\TPU\conf\40
|t Технологии Microsoft в теории и практике программирования
|o сборник трудов X Всероссийской научно-практической конференции студентов, аспирантов и молодых ученых, г.Томск, 19-20 марта 2013 г.
|f Национальный исследовательский Томский политехнический университет (ТПУ), Институт кибернетики ; ред. кол. А. В. Лиепиньш и др.
|v [С. 135-137]
|d 2013
|
| 610 |
1 |
|
|a электронный ресурс
|
| 610 |
1 |
|
|a труды учёных ТПУ
|
| 610 |
1 |
|
|a математическое моделирование
|
| 610 |
1 |
|
|a тепловые аккумуляторы
|
| 610 |
1 |
|
|a фазовые переходы
|
| 610 |
1 |
|
|a плавление
|
| 610 |
1 |
|
|a теплопроводность
|
| 700 |
|
0 |
|a То Тхи Уиэн
|
| 701 |
|
1 |
|a Огородников
|b А. С.
|c специалист в области информатики и вычислительной техники
|c доцент Томского политехнического университета, кандидат физико-математических наук
|f 1947-
|g Александр Сергеевич
|3 (RuTPU)RU\TPU\pers\26413
|
| 712 |
0 |
2 |
|a Национальный исследовательский Томский политехнический университет (ТПУ)
|b Институт кибернетики (ИК)
|b Кафедра прикладной математики (ПМ)
|3 (RuTPU)RU\TPU\col\18700
|
| 801 |
|
2 |
|a RU
|b 63413507
|c 20230518
|g RCR
|
| 856 |
4 |
|
|u http://www.lib.tpu.ru/fulltext/c/2013/C28/052.pdf
|
| 942 |
|
|
|c BK
|